sổ tay người dịch tiếng Anh = Handbook for the English language Translator
Đề cập đến vốn từ tối thiểu, 30 câu cửa miệng về đời sống hàng ngày, 1 số từ teo UNESCO định nghĩa; tiếng lóng - từ và thành ngữ thông tục. Giới thiệu về tiếng Mỹ; quan hệ tiếng Anh - tiếng Pháp ; thư từ - điện...
Đã lưu trong:
| Tác giả chính: | |
|---|---|
| Định dạng: | Sách |
| Năm xuất bản: |
H.
GD
1999
|
| Chủ đề: | |
| Tags: |
Thêm thẻ
Không có thẻ, Hãy là người đầu tiên gắn thẻ bản ghi này!
|
| LEADER | 01091nam a2200181 4500 | ||
|---|---|---|---|
| 999 | |c 4556 |d 4556 | ||
| 082 | |a 428.02 |b S450t | ||
| 100 | |a Nhiều tác giả | ||
| 245 | |a sổ tay người dịch tiếng Anh = Handbook for the English language Translator |c Nhiều tác giả | ||
| 260 | |a H. |b GD |c 1999 | ||
| 300 | |a 332 tr. |c 10 cm | ||
| 520 | |a Đề cập đến vốn từ tối thiểu, 30 câu cửa miệng về đời sống hàng ngày, 1 số từ teo UNESCO định nghĩa; tiếng lóng - từ và thành ngữ thông tục. Giới thiệu về tiếng Mỹ; quan hệ tiếng Anh - tiếng Pháp ; thư từ - điện... | ||
| 653 | |a Ngôn ngữ | ||
| 653 | |a Tiếng Anh | ||
| 653 | |a Dịch thuật | ||
| 942 | |2 ddc |c STK0 | ||
| 952 | |0 0 |1 0 |2 ddc |4 0 |6 428_000000000000000_S450T |7 0 |8 400 |9 44146 |a qbu |b qbu |c D4 |d 2014-12-19 |g 66000 |o 428 S450t |p 2445.C1 |w 2014-12-19 |y STK0 |0 0 |6 428_000000000000000_S450T | ||
| 952 | |0 0 |1 0 |2 ddc |4 0 |6 428_000000000000000_S450T |7 0 |8 400 |9 44147 |a qbu |b qbu |c D4 |d 2014-12-19 |g 66000 |l 11 |m 6 |o 428 S450t |p 2445.C2 |r 2019-01-21 |s 2019-01-08 |w 2014-12-19 |y STK0 |0 0 |6 428_000000000000000_S450T | ||